000
00392nam a2200145Ia 4500
008
100122s9999 xx 000 0 und d
082
_b
17658
_a
823
100
_a
आपटे ह ना
245
_a
मायेचा बाजार
260
_c
1929
300
_a
387
630
_a
मायेचा बाजार
730
_a
मायेचा बाजार
942
_c
BOOK
999
_c
407304
_d
407301